000 01152aam a2200313 i 4500
001 768714001
003 CO-MdFUSB
005 20230509125818.0
008 160601t1983 us f |||| 00| 0 eng d
020 _a0-385-09630-5
040 _aCO-MdFUSB
_bEspañol
_cCO-MdFUSB
_dCO-MdFUSB
_erda
041 0 _aeng
082 0 4 _a229.91
_223
_bC4777o
245 0 0 _aThe Old Testament Pseudepigrapha
_c / editado por James H. Charlesworth
264 1 _aNew York
_b : Doubleday,
_c[1983]
264 4 _c© 1983
300 _aVolumenes
_c; 24 cm
336 _2rdacontent
_atexto
_btxt
337 _2rdamedia
_asin mediación
_bn
338 _2rdacarrier
_avolumen
_bnc
505 _aVol. 1 : Apocalyptic literature and Testaments. Vol. 2 : Expansions of the "Old Testament" and legends, wisdom and philosophical literature, prayers, psalms, and odes, fragments of lost judeo-hellenistic works.
563 _aPasta dura
630 0 7 _aBiblia.
_pAntiguo Testamento
_xCrítica, interpretación, etc.
653 _aLibros pseudoepígrafos
700 _97859
_aCharlesworth, James H.
_eeditor
942 _cREF
945 _aJTF-925
999 _c31734
_d31734